[Event "Chefchaouen op"]
[Site "Chefchaouen"]
[Date "2022.10.26"]
[Round "6"]
[White "Bouchaara, Mustapha"]
[Black "Jdiyou, Mohamed"]
[Result "1-0"]
[WhiteElo "1687"]
[BlackElo "1573"]
[PlyCount "57"]
[EventDate "2022.10.23"]
[EventType "swiss"]
[EventRounds "7"]
[EventCountry "MAR"]
[SourceTitle "EXT 2024"]
[Source "ChessBase"]
[SourceDate "2023.10.10"]
[SourceVersion "1"]
[SourceVersionDate "2023.10.10"]
[SourceQuality "1"]

1. e4 e5 2. Nf3 Nc6 3. Bc4 Bc5 4. b4 Bxb4 5. c3 Bc5 6. d4 exd4 7. cxd4 Bb4+ 8. Bd2 Nf6 9. Bxb4 Nxb4 10. Bxf7+ Kxf7 11. Qb3+ Nbd5 12. exd5 d6 13. Ng5+ Kf8 14. 0-0 b6 15. Ne6+ Bxe6 16. dxe6 Rb8 17. Re1 Qe8 18. Nc3 a6 19. Ne2 h5 20. Nf4 Rh6 21. Qc2 Qe7 22. Rac1 Qe8 23. Qxc7 d5 24. h4 Ne4 25. e7+ Kg8 26. Nxd5 Rc6 27. Qe5 Nf6 28. Nxf6+ Rxf6 29. Qxb8 1-0

[Event "Chefchaouen op"]
[Site "Chefchaouen"]
[Date "2022.10.25"]
[Round "4"]
[White "Bouchaara, Mustapha"]
[Black "Maazouzi, Youssef"]
[Result "1/2-1/2"]
[WhiteElo "1687"]
[BlackElo "1458"]
[PlyCount "67"]
[EventDate "2022.10.23"]
[EventType "swiss"]
[EventRounds "7"]
[EventCountry "MAR"]
[SourceTitle "EXT 2024"]
[Source "ChessBase"]
[SourceDate "2023.10.10"]
[SourceVersion "1"]
[SourceVersionDate "2023.10.10"]
[SourceQuality "1"]

1. e4 c5 2. Nf3 Nc6 3. d4 cxd4 4. Nxd4 Nf6 5. Nc3 e5 6. Nf3 Bb4 7. Bd3 d5 8. exd5 Nxd5 9. Bd2 Nxc3 10. bxc3 Be7 11. Rb1 0-0 12. 0-0 Qc7 13. Qe2 Be6 14. Qe4 f5 15. Qe2 e4 16. Bc4 Nd8 17. Bxe6+ Nxe6 18. Nd4 Nxd4 19. cxd4 Bd6 20. g3 b6 21. Bb4 Rac8 22. Rfc1 Rfd8 23. Qb5 Bxb4 24. Rxb4 Qd7 25. Qxd7 Rxd7 26. Kf1 Rdc7 27. c4 Kf7 28. Ke2 Ke6 29. h4 h6 30. Ke3 g5 31. h5 Rd8 32. Rd1 Rcc8 33. a4 Rb8 34. Ke2 1/2-1/2